| 000 | 00804nam a2200217 a 4500 | ||
|---|---|---|---|
| 001 | BRCA_1065 | ||
| 005 | 20190320203249.0 | ||
| 008 | 160508s2007----mx-a---###---#000-0#spa-# | ||
| 020 | _a9685234671 | ||
| 050 | 4 |
_aNK1414 _b.V53 2007 |
|
| 245 | 1 | 0 |
_aVida y diseño en México _bSiglo XX _cDina Comisarenco Mirkin ... [et al.]. |
| 260 |
_aMéxico _bFomento Cultural Banamex _c2007 |
||
| 300 |
_a561 p. _bil. a color _c32 cm. |
||
| 500 | _aIncluye piezas de la colección Franz Mayer: p. 26-27, 36-37, 128-129 | ||
| 500 | _a2do. ejemplar en el Área de Investigación | ||
| 650 | 1 | 4 |
_aDiseño industrial contemporáneo _zMéxico _93505 |
| 650 | 1 | 4 |
_aDiseñadores mexicanos _xSemblanzas _93506 |
| 650 | 1 | 4 |
_aArtes decorativas _xHistoria _zMéxico _93507 |
| 700 | 1 |
_aComisarenco Mirkin, Dina _93508 |
|
| 942 |
_2lcc _cB |
||
| 999 |
_c944 _d944 |
||